An introduction to prabability and theory and its applications / (Record no. 2480)
[ view plain ]
| 000 -LEADER | |
|---|---|
| fixed length control field | 00570nam a22002057a 4500 |
| 003 - CONTROL NUMBER IDENTIFIER | |
| control field | OSt |
| 005 - DATE AND TIME OF LATEST TRANSACTION | |
| control field | 20151109161543.0 |
| 008 - FIXED-LENGTH DATA ELEMENTS--GENERAL INFORMATION | |
| fixed length control field | 151109b xxu||||| |||| 00| 0 eng d |
| 020 ## - INTERNATIONAL STANDARD BOOK NUMBER | |
| International Standard Book Number | 0471257087 |
| 040 ## - CATALOGING SOURCE | |
| Transcribing agency | 040a |
| 082 ## - DEWEY DECIMAL CLASSIFICATION NUMBER | |
| Classification number | 519.2 |
| Item number | FEL 1968 |
| 100 ## - MAIN ENTRY--PERSONAL NAME | |
| Personal name | Feller, William |
| 9 (RLIN) | 6054 |
| 245 ## - TITLE STATEMENT | |
| Title | An introduction to prabability and theory and its applications / |
| Statement of responsibility, etc. | William Feller |
| 250 ## - EDITION STATEMENT | |
| Edition statement | 3rd.ed |
| 260 ## - PUBLICATION, DISTRIBUTION, ETC. (IMPRINT) | |
| Place of publication, distribution, etc. | New York |
| Name of publisher, distributor, etc. | John Wiley and sons |
| 300 ## - PHYSICAL DESCRIPTION | |
| Extent | xviii, 509p; |
| Other physical details | ill : |
| Dimensions | 10 cm |
| 504 ## - BIBLIOGRAPHY, ETC. NOTE | |
| Bibliography, etc | includes index |
| 650 ## - SUBJECT ADDED ENTRY--TOPICAL TERM | |
| Topical term or geographic name as entry element | Probability |
| 9 (RLIN) | 1273 |
| 942 ## - ADDED ENTRY ELEMENTS (KOHA) | |
| Source of classification or shelving scheme | Dewey Decimal Classification |
| Koha item type | Short Loan |
| Withdrawn status | Lost status | Source of classification or shelving scheme | Damaged status | Not for loan | Home library | Current library | Date acquired | Inventory number | Total Checkouts | Full call number | Barcode | Date last seen | Price effective from | Koha item type | Source of acquisition |
|---|---|---|---|---|---|---|---|---|---|---|---|---|---|---|---|
| Dewey Decimal Classification | MUST Main Library | MUST Main Library | 09/11/2015 | 2002/17325 | 519.2 FEL 1968 | 2015-2504 | 09/11/2015 | 09/11/2015 | Short Loan | ||||||
| Dewey Decimal Classification | MUST Main Library | MUST Main Library | 07/29159 | 519.2 FEL 1968 | 2024-20416 | 12/06/2024 | Open Shelf | Purchase | |||||||
| Dewey Decimal Classification | MUST Main Library | MUST Main Library | 07/17326 | 519.2 FEL 1968 | 2024-20417 | 12/06/2024 | Open Shelf | Purchase | |||||||
| Dewey Decimal Classification | MUST Main Library | MUST Main Library | 07/29159 | 519.2 FEL 1968 | 2024-20418 | 12/06/2024 | Open Shelf | Purchase |
